| 000 | 00897nam0a22003011 4500 | ||
|---|---|---|---|
| 001 | v19\rc\1672014 | ||
| 005 | 20061002142800.5 | ||
| 035 | _a(NLR Aleph) 004779368 | ||
| 090 |
_a4667074 _c4667074 |
||
| 100 | _a20061002d1893 |||y0rusy50 ca | ||
| 101 | 1 |
_arus _cfre |
|
| 102 | _aRU | ||
| 105 | _ay z |||a| | ||
| 200 | 1 |
_aГофолия _d(Athalie) _eТрагедия в 5 д. _f[Соч.] Расина _gПер. с фр. Н.С. _zfre |
|
| 210 |
_aОдесса _cтип. В. Кирхнера _d1893 |
||
| 215 |
_a92 с. _d16 |
||
| 510 | 0 |
_a(Athalie) _zfre |
|
| 700 | 1 |
_aРасин _bЖ. Б. _f1639-1699 _gЖан Батист |
|
| 702 | 0 |
_aН. С. _4730 |
|
| 801 | 0 |
_aRU _bNLR _gpsbo |
|
| 801 | 0 |
_aRU _bRuMoRGB _2psbo |
|
| 801 | 1 |
_aRU _bProSoft-M _2rusmarc |
|
| 852 |
_aNLR _j18.267.4.170 |
||
| 899 |
_aRuMoRGB _jA 206/2145 |
||
| 899 |
_aRuMoRGB _jA 325/628 |
||
| 899 | _aБАН | ||
| 942 | _cBOOK | ||
| 980 | _aNB | ||